Sports Quiz

Random Sports Quiz
Score 0/125 Timer 15:00
0 Plays Today
Team Player % Correct
Los Angeles DodgersClayton Kershaw
90.6%
Los Angeles DodgersAdrian Gonzalez
87.5%
Los Angeles DodgersAndre Ethier
87.5%
Los Angeles DodgersMatt Kemp
87.5%
Colorado RockiesTodd Helton
87.5%
Colorado RockiesTroy Tulowitzki
87.5%
Colorado RockiesCarlos Gonzalez
87.5%
San Francisco GiantsMatt Cain
87.5%
San Francisco GiantsBuster Posey
87.5%
San Francisco GiantsTim Lincecum
87.5%
Los Angeles DodgersHanley Ramirez
84.4%
Los Angeles DodgersYasiel Puig
84.4%
Los Angeles DodgersCarl Crawford
84.4%
San Francisco GiantsPablo Sandoval
84.4%
San Francisco GiantsBrandon Crawford
84.4%
Arizona DiamondbacksPaul Goldschmidt
81.3%
San Diego PadresChase Headley
81.3%
San Francisco GiantsMadison Bumgarner
81.3%
Los Angeles DodgersZack Greinke
78.1%
Los Angeles DodgersA.J. Ellis
78.1%
Los Angeles DodgersMark Ellis
78.1%
San Francisco GiantsHunter Pence
78.1%
San Francisco GiantsBrandon Belt
78.1%
Arizona DiamondbacksMiguel Montero
75%
Arizona DiamondbacksAaron Hill
75%
San Francisco GiantsSergio Romo
75%
San Francisco GiantsBarry Zito
75%
Los Angeles DodgersHyun-Jin Ryu
71.9%
Los Angeles DodgersKenley Jansen
71.9%
Los Angeles DodgersBrian Wilson
71.9%
Los Angeles DodgersJuan Uribe
71.9%
Arizona DiamondbacksPatrick Corbin
71.9%
San Francisco GiantsAngel Pagan
71.9%
Arizona DiamondbacksGerardo Parra
68.8%
Colorado RockiesMichael Cuddyer
68.8%
Arizona DiamondbacksIan Kennedy
65.6%
San Diego PadresIan Kennedy
65.6%
San Diego PadresEverth Cabrera
65.6%
Colorado RockiesJorge De La Rosa
65.6%
Colorado RockiesWilin Rosario
65.6%
Arizona DiamondbacksJ.J. Putz
62.5%
San Diego PadresHuston Street
62.5%
Team Player % Correct
Los Angeles DodgersMichael Young
59.4%
Arizona DiamondbacksWade Miley
59.4%
Arizona DiamondbacksHeath Bell
59.4%
San Diego PadresYonder Alonso
59.4%
Colorado RockiesRafael Betancourt
59.4%
San Francisco GiantsMarco Scutaro
59.4%
San Diego PadresNick Hundley
56.3%
San Diego PadresJedd Gyorko
56.3%
San Diego PadresWill Venable
56.3%
Colorado RockiesWilton Lopez
56.3%
Colorado RockiesNolan Arenado
56.3%
Colorado RockiesDexter Fowler
56.3%
San Francisco GiantsJavier Lopez
56.3%
San Francisco GiantsSantiago Casilla
56.3%
San Francisco GiantsHector Sanchez
56.3%
Los Angeles DodgersPaco Rodriguez
53.1%
Colorado RockiesJhoulys Chacin
53.1%
Los Angeles DodgersRicky Nolasco
50%
Los Angeles DodgersSkip Schumaker
50%
Arizona DiamondbacksDavid Hernandez
50%
Arizona DiamondbacksMartin Prado
50%
Arizona DiamondbacksJason Kubel
50%
San Francisco GiantsAndres Torres
50%
Arizona DiamondbacksDidi Gregorius
46.9%
San Diego PadresCarlos Quentin
46.9%
Colorado RockiesRex Brothers
46.9%
San Francisco GiantsGregor Blanco
46.9%
Los Angeles DodgersChris Capuano
43.8%
Arizona DiamondbacksTrevor Cahill
43.8%
Arizona DiamondbacksA.J. Pollock
43.8%
Arizona DiamondbacksBrandon McCarthy
40.6%
Arizona DiamondbacksCliff Pennington
40.6%
Arizona DiamondbacksCody Ross
40.6%
San Diego PadresTyson Ross
40.6%
San Francisco GiantsJeremy Affeldt
40.6%
San Diego PadresChris Denorfia
37.5%
Los Angeles DodgersCarlos Marmol
34.4%
Arizona DiamondbacksBrad Ziegler
34.4%
San Diego PadresYasmani Grandal
34.4%
San Diego PadresJesus Guzman
31.3%
Colorado RockiesDJ LeMahieu
31.3%
Colorado RockiesJordan Pacheco
31.3%
Team Player % Correct
San Francisco GiantsJoaquin Arias
31.3%
Arizona DiamondbacksJosh Collmenter
28.1%
Arizona DiamondbacksWillie Bloomquist
28.1%
San Diego PadresAndrew Cashner
28.1%
San Diego PadresEric Stults
28.1%
San Diego PadresJoe Thatcher
28.1%
San Diego PadresDale Thayer
28.1%
Colorado RockiesJuan Nicasio
28.1%
Colorado RockiesJeff Francis
28.1%
Colorado RockiesYorvit Torrealba
28.1%
San Francisco GiantsYusmeiro Petit
28.1%
Los Angeles DodgersJ.P. Howell
25%
Los Angeles DodgersTim Federowicz
25%
Los Angeles DodgersNick Punto
25%
Arizona DiamondbacksEric Chavez
25%
San Diego PadresJason Marquis
25%
San Diego PadresLuke Gregerson
25%
San Diego PadresAlexi Amarista
25%
Los Angeles DodgersChris Withrow
21.9%
Arizona DiamondbacksMatt Reynolds
21.9%
San Diego PadresBrad Boxberger
21.9%
San Diego PadresTim Stauffer
21.9%
Colorado RockiesJosh Rutledge
21.9%
San Francisco GiantsJean Machi
21.9%
Los Angeles DodgersRonnie Belisario
18.8%
Arizona DiamondbacksWillie Harris
18.8%
Arizona DiamondbacksWil Nieves
18.8%
San Diego PadresBrad Brach
18.8%
Colorado RockiesTyler Chatwood
18.8%
Colorado RockiesJosh Outman
18.8%
Colorado RockiesCorey Dickerson
18.8%
San Francisco GiantsGeorge Kontos
18.8%
San Francisco GiantsJose Mijares
18.8%
San Diego PadresLogan Forsythe
15.6%
Colorado RockiesAdam Ottavino
15.6%
Colorado RockiesJonathan Herrera
12.5%
San Francisco GiantsTony Abreu
12.5%
Colorado RockiesJon Garland
9.4%
Colorado RockiesMatt Belisle
9.4%
San Francisco GiantsChad Gaudin
9.4%
San Diego PadresNick Vincent
6.3%
Remove Ads.
Support Sporcle.
Get the best of Sporcle when you Go Orange. This ad-free experience offers more features, more stats, and more fun while also helping to support Sporcle. Thank you for becoming a member.

You're not logged in!

Compare scores with friends on all Sporcle quizzes.
OR
Log In

Show Comments

Extras

Top Quizzes Today


Score Distribution

Your Account Isn't Verified!

In order to create a playlist on Sporcle, you need to verify the email address you used during registration. Go to your Sporcle Settings to finish the process.

Report this User

Report this user for behavior that violates our Community Guidelines.

Details: